00374nam a22001337a 4500008004100000020001500041040005500056080001600111100002200127245003900149260002600188300001400214650001200228230606b |||||||| |||| 00| 0 eng d a9241545097 aNational Science LibrarycNational Science Library a614.39 bN8 aDumoulin, Jerome  aGuide to drug financing mechanisms aGeneva: bWHO, c1998 avii, 55p. aScience